000
00341nam a22001457a 4500
999
_c
58001
_d
58001
005
20210420133338.0
008
210420c2021 enk||||| |||| 00| 0 eng d
041
_a
eng
245
_a
The Economist /
_b
2021.
260
_a
London,
_c
2021.
300
_a
v.
653
_a
პეროდიკა
653
_a
The Economist
942
_2
udc
_c
CR